<?xml version="1.0" encoding="UTF-8"?>
<record
    xmlns:xsi="http://www.w3.org/2001/XMLSchema-instance"
    xsi:schemaLocation="http://www.loc.gov/MARC21/slim http://www.loc.gov/standards/marcxml/schema/MARC21slim.xsd"
    xmlns="http://www.loc.gov/MARC21/slim">

  <leader>01149nam a2200289 i 4500</leader>
  <controlfield tag="001">182498</controlfield>
  <controlfield tag="003">ES-MaACL</controlfield>
  <controlfield tag="005">20251003063157.0</controlfield>
  <controlfield tag="008">130909s2009    sp a   | |||||||| | spa d</controlfield>
  <datafield tag="020" ind1=" " ind2=" ">
    <subfield code="a">978-84-7797-313-3</subfield>
  </datafield>
  <datafield tag="080" ind1=" " ind2=" ">
    <subfield code="a">913(460.187 Arribes del Duero)(084)</subfield>
  </datafield>
  <datafield tag="100" ind1="1" ind2=" ">
    <subfield code="a">Sierra Puparelli, Vicente, </subfield>
    <subfield code="d">1952-</subfield>
    <subfield code="9">153365</subfield>
  </datafield>
  <datafield tag="245" ind1="1" ind2="0">
    <subfield code="a">Arribes del Duero : </subfield>
    <subfield code="b">tierra de l&#xED;mites / </subfield>
    <subfield code="c">Vicente Sierra Puparelli ; Antonio Colinas, Jos&#xE9; Antonio Pascual, Juan Francisco Blanco.</subfield>
  </datafield>
  <datafield tag="250" ind1=" " ind2=" ">
    <subfield code="a">1&#xAA; ed.</subfield>
  </datafield>
  <datafield tag="260" ind1=" " ind2=" ">
    <subfield code="a">Salamanca : </subfield>
    <subfield code="b">Departamento de Cultura, </subfield>
    <subfield code="c">2009.</subfield>
  </datafield>
  <datafield tag="300" ind1=" " ind2=" ">
    <subfield code="a">231 p. : </subfield>
    <subfield code="b">principalmente il. col. ; </subfield>
    <subfield code="c">25 x 30 cm.</subfield>
  </datafield>
  <datafield tag="490" ind1="1" ind2=" ">
    <subfield code="a">Paisajes salmantinos ; </subfield>
    <subfield code="v">n. 1</subfield>
  </datafield>
  <datafield tag="651" ind1=" " ind2="4">
    <subfield code="a">Arribes del Duero.</subfield>
    <subfield code="9">153366</subfield>
  </datafield>
  <datafield tag="700" ind1="0" ind2=" ">
    <subfield code="a">Colinas, Antonio,</subfield>
    <subfield code="d">1946-</subfield>
    <subfield code="9">39602</subfield>
  </datafield>
  <datafield tag="700" ind1="0" ind2=" ">
    <subfield code="a">Pascual, Jos&#xE9; A., </subfield>
    <subfield code="d">1942-</subfield>
    <subfield code="9">89353</subfield>
  </datafield>
  <datafield tag="700" ind1="1" ind2=" ">
    <subfield code="a">Blanco, Juan Francisco.</subfield>
    <subfield code="9">153367</subfield>
  </datafield>
  <datafield tag="830" ind1="0" ind2=" ">
    <subfield code="a">Paisajes salmantinos ; </subfield>
    <subfield code="v">n. 1</subfield>
    <subfield code="9">224838</subfield>
  </datafield>
  <datafield tag="852" ind1=" " ind2=" ">
    <subfield code="a">ES-MaACL</subfield>
    <subfield code="j">A-12882</subfield>
    <subfield code="9">189410</subfield>
    <subfield code="b">R.149775</subfield>
    <subfield code="c">DEPO1</subfield>
    <subfield code="d">Olim: N-5882</subfield>
    <subfield code="x">Donaci&#xF3;n: Real Academia Espa&#xF1;ola</subfield>
  </datafield>
  <datafield tag="914" ind1=" " ind2=" ">
    <subfield code="9">6336</subfield>
    <subfield code="a">Real Academia Espa&#xF1;ola</subfield>
    <subfield code="e">dnr</subfield>
  </datafield>
  <datafield tag="942" ind1=" " ind2=" ">
    <subfield code="2">udc</subfield>
    <subfield code="c">MONOGRAFIA</subfield>
  </datafield>
  <datafield tag="999" ind1=" " ind2=" ">
    <subfield code="c">182498</subfield>
    <subfield code="d">182498</subfield>
  </datafield>
  <datafield tag="952" ind1=" " ind2=" ">
    <subfield code="0">0</subfield>
    <subfield code="1">0</subfield>
    <subfield code="2">udc</subfield>
    <subfield code="4">0</subfield>
    <subfield code="7">0</subfield>
    <subfield code="a">ATENEOM</subfield>
    <subfield code="b">ATENEOM</subfield>
    <subfield code="c">DEPO1</subfield>
    <subfield code="d">2013-09-09</subfield>
    <subfield code="e">DONACION</subfield>
    <subfield code="l">0</subfield>
    <subfield code="o">A-12882</subfield>
    <subfield code="p">1191787</subfield>
    <subfield code="r">2023-02-23 00:00:00</subfield>
    <subfield code="w">2023-02-23</subfield>
    <subfield code="y">MONOGRAFIA</subfield>
  </datafield>
</record>
